| 000 | 00731pam a2200205 i 4500 | ||
|---|---|---|---|
| 020 | _a0316544981 | ||
| 082 | 0 | 0 |
_a355.331 _bMAN _cL-30, P-56 |
| 100 | 1 |
_aManchester, William, _927045 |
|
| 245 | 1 | 0 |
_aAmerican Caesar : _bDouglas MacArthur, 1880-1964 / _cWilliam Manchester. |
| 250 | _a1st ed. | ||
| 260 |
_aBoston : _bLittle, Brown, _cc1978. |
||
| 300 |
_axvii, 793 p., [4] leaves of plates : _bill. ; _c24 cm. |
||
| 500 | _aIncludes index. | ||
| 526 |
_a0 _b0 _c0 _d355_331000000000000_MAN |
||
| 650 | 0 |
_aGenerals _zUnited States _948811 |
|
| 650 | 0 |
_aMCE _9379 |
|
| 856 | 4 | 2 | _uhttp://www.loc.gov/catdir/enhancements/fy0914/78008004-d.html |
| 856 | 4 | 2 | _uhttp://www.loc.gov/catdir/enhancements/fy1306/78008004-b.html |
| 942 |
_2ddc _cBK |
||
| 999 |
_c551672 _d551672 |
||